000 00457nam a2200193Ia 4500
005 20240823020650.0
008 240823s9999||||xx |||||||||||||| ||und||
020 _a81-265-0904-x
041 _aENGLISH
082 _A621.382 P7
100 _a"Haykin,Simon"
245 0 _aCommunication System
250 _a4th
260 _c2007
_b"Wiley,New "
500 _aYES
650 _aElectronics Communication
_bElectronics
942 _cBK
999 _c175282
_d175282